-
Brealey, richard A & Others
Entry Personal Name
Number of records used in: 1
001 - CONTROL NUMBER
003 - CONTROL NUMBER IDENTIFIER
005 - DATE AND TIME OF LATEST TRANSACTION
- control field:
20160524165112.0
008 - FIXED-LENGTH DATA ELEMENTS
- fixed length control field:
160524|| aca||aabn | a|a d
040 ## - CATALOGING SOURCE
- Original cataloging agency:
OSt
- Transcribing agency:
OSt
100 ## - HEADING--PERSONAL NAME
- Personal name:
Brealey, richard A & Others
670 ## - SOURCE DATA FOUND
- Source citation:
Work cat.: (OSt): Brealey, richard A & Others, Principles of Corporate Finance